| 000 | 00744nam a2200253 a 4500 | ||
|---|---|---|---|
| 001 | BRL_1557 | ||
| 005 | 20190320211248.0 | ||
| 008 | 060314s1991----nyuabo####---#000-0#eng-# | ||
| 020 | _a0500277095 | ||
| 041 | _aeng | ||
| 044 | _anyu | ||
| 050 | 4 |
_aNK8876.A1 _b.G55 1991 |
|
| 100 | 1 |
_aGillow, John _927269 |
|
| 245 | 1 | 0 |
_aTraditional indian textiles _cJohn Gillow and Nicholas Barnard. |
| 260 |
_aNew York _bThames and Hudson _c1991 |
||
| 300 |
_a160 p. _bil., fotografías, mapas _c30 cm. |
||
| 500 | _aAu1549 | ||
| 504 | _aBibliografía: p. 153 | ||
| 650 | 1 | 4 |
_aTelas _vTemas, motivos _zIndia _927270 |
| 650 | 1 | 4 |
_aTextiles _vTemas, motivos _zIndia _927271 |
| 700 | 1 |
_aBarnard, Nicholas _ecoaut. _927272 |
|
| 902 | _aGRL | ||
| 942 |
_2lcc _cB |
||
| 999 |
_c10366 _d10366 |
||